Dwarfed Countries Quiz Stats

Quiz Updated Jan 17, 2013

Challenge
Share
Tweet
Embed
Score 0/47 Timer 04:00
2 Plays Today
Rank Country % Correct
1Vatican City
89.5%
7Luxembourg
78.9%
4Andorra
77.4%
2Monaco
77.2%
5Liechtenstein
75.9%
3San Marino
74.5%
36Lesotho
65.8%
23Nepal
65.4%
8Latvia
59.4%
6Estonia
59.4%
19Swaziland
58.6%
9Bhutan
57.6%
10Lithuania
56.9%
12North Korea
56.6%
20Belize
54.7%
27Uruguay
52.1%
16Kuwait
52%
11Georgia
51.5%
28Israel
50.8%
14Qatar
50.6%
32Suriname
50.2%
35Guyana
48.8%
38UAE
47.3%
34Laos
45.6%
Rank Country % Correct
22Armenia
45.2%
42Paraguay
45%
13Azerbaijan
44.2%
17Rwanda
43.8%
24Djibouti
43.1%
30Brunei
42.4%
15Palestine
41.1%
37Burundi
38.6%
41Belgium
38.1%
47Bangladesh
35.6%
21Belarus
34.9%
25Tajikistan
33.3%
40Switzerland
33.1%
18Timor Leste
32.5%
43Vietnam
31.9%
26Kyrgyzstan
31.3%
39Jordan
31.3%
44Ukraine
31.2%
33Finland
28.9%
45Equatorial Guinea
28.6%
46Slovenia
23.1%
29Poland
22.7%
31Norway
21.1%

You're not logged in!

Compare scores with friends on all Sporcle quizzes.
Sign Up with Email
OR
Log In

You Might Also Like...

Show Comments

Extras

Top Quizzes Today


Score Distribution

Your Account Isn't Verified!

In order to create a playlist on Sporcle, you need to verify the email address you used during registration. Go to your Sporcle Settings to finish the process.